Mel Gibson - Sudden Death - Statistics

General Stats
  • This quiz has been taken 372 times
  • The average score is 8 of 18
Answers on the Grid
Answers color-coded by a green-red scale on the quiz's grid according to % correct below.
Payback
Braveheart
48 Hours
Waterworld
Tango & Cash
Mad Max
Conspiracy Theory
Escape from New York
Forever Young
Ransom
Maverick
Apocalypse Now
The Year of Living Dangerously
Air America
Con Air
Raging Bull
Lethal Weapon
Gallipolli
Tim
Tears of the Sun
Salvador
We Were Soldiers
The Expendables
Heat
Hamlet
The Patriot
Bird on a Wire
In Cold Blood
Tequila Sunrise
The Bounty
 
Answer Stats
Answer % Correct
Braveheart
98%
Mad Max
76%
Lethal Weapon
68%
The Patriot
64%
Maverick
47%
Payback
46%
Ransom
46%
We Were Soldiers
39%
Forever Young
37%
Conspiracy Theory
36%
Bird on a Wire
34%
Gallipolli
32%
Hamlet
29%
Air America
28%
The Bounty
28%
Tequila Sunrise
26%
The Year of Living Dangerously
23%
Tim
15%
No matching quizzes found
Score Distribution
Percent of People with Each Score
Percentile by Number Answered
Your Score History
You have not taken this quiz